000 00374nam a2200157Ia 4500
005 20250603144718.0
008 250603s9999 xx 000 0 und d
050 _aKP 77 .A4/
100 _aAkeredolu Alero.[ vol.1 ]
245 0 _aConstitutional law classicus.
260 _aIbadan
260 _bst. paul publisher
300 _a654 p
650 _aIbadan
942 _cBK
999 _c39727
_d39727